000
00315nam a22001337a 4500
003
OSt
005
20160727222454.0
008
160705b xxu||||| |||| 00| 0 eng d
100
_9
2128
_a
Eyerly, J
245
_a
A Girl Like me
260
_a
N.Y
_b
J.B. Hippncott
_c
1966
300
_a
A Girl Like me
942
_2
ddc
_c
BK
999
_c
1822
_d
1822